000 00348nam a22001337a 4500
082 _a940.54
_bDOC
100 _aHMSO
_940682
245 _aDocuments 1939
_cHMSO
260 _aLondon
_bHis majesty's stationery office
_c1939
300 _a195p.:
_bill,;
_c20 cm.
526 _a0
_b0
_c0
_d940_540000000000000_DOC
650 _aMCE
_9379
942 _2ddc
_cBK
999 _c553344
_d553344